|
|
|
|
| LEADER |
00000nab a2200000 a 4500 |
| 001 |
vtls009184391 |
| 003 |
SK-MaSNL |
| 005 |
20260304075625.0 |
| 008 |
140303c2007 xo wrzp 0 0slo |
| 015 |
|
|
|a SNBRB2008/01
|2 snkbucl
|
| 040 |
|
|
|a SNKBUCL
|b slo
|c SNKBUCL
|e AACR2
|
| 041 |
0 |
|
|a slo
|
| 044 |
|
|
|a xo
|c SK
|
| 080 |
|
|
|a 616-002.77-085
|2 2001
|
| 080 |
|
|
|a 615.281
|2 2001
|
| 245 |
0 |
0 |
|a Etanercept v liečbe reumatických ochorení
|c Katarína Bánska
|
| 300 |
|
|
|a Fotogr.
|
| 650 |
0 |
7 |
|a reumatické choroby
|2 snkbucl
|9 28266
|
| 650 |
0 |
7 |
|a reumatoidná artritída
|2 snkbucl
|9 28588
|
| 650 |
0 |
7 |
|a etanercept
|2 snkbucl
|9 910004
|
| 650 |
0 |
7 |
|a inhibítory receptora TNFalfa
|2 snkbucl
|9 1366187
|
| 650 |
0 |
7 |
|a ankylozujúca spondylitída
|2 snkbucl
|9 195443
|
| 773 |
0 |
|
|t Zdravotnícke noviny
|g Roč. XII, č. 40 (2007)
|x 1335-4477
|
| 773 |
0 |
8 |
|t Kompendium medicíny
|g Č. 12 (2007), s. 9-14
|x 1336-4871
|
| 852 |
|
|
|a SNK
|b KIS3GCP
|
| 958 |
|
|
|a MI
|
| 958 |
|
|
|a SK
|
| 999 |
|
|
|c 2782425
|d 2784355
|